000 00542nam a2200193Ia 4500
005 20250326144853.0
008 250326s9999 xx 000 0 und d
020 _a0-19-568926-7
037 _aTextbook
040 _aFMSL
_beng
_cFMSL
041 _aeng
_2eng
084 _aX:71 P7
_qFMSL
100 _aCowell F
_9750240
245 0 _aMicroeconomics:principles and analysis
_cCowell F
260 _aNew Delhi
_bNew Delhi, Oxford University Press
_c2007
300 _a637p
942 _cTB
_hX:71 P7
999 _c1305399
_d1305399